000
00298nam a22001217a 4500
082
_a
823
_b
DIA/S
100
_a
CAREY, DIANA
245
_a
STARTREEK - DEEP SPACE 9 DAY OF HONOUR ANCIENT BLOOD
260
_a
NEWYORK
_b
POCKET BOOKS
_c
1997
300
_a
280
650
_a
ENGLISH STORY
_z
INDIA
942
_c
BK
999
_c
7287
_d
7287